<?xml version="1.0" encoding="UTF-8"?>
<collection xmlns="http://www.loc.gov/MARC21/slim">
 <record>
  <leader>01275cam a2200241 a 4500</leader>
  <controlfield tag="001">1/42081</controlfield>
  <controlfield tag="008">120123s2011    enkabf   b    001 0 eng  </controlfield>
  <datafield tag="020" ind1=" " ind2=" ">
   <subfield code="a">9781439814079</subfield>
  </datafield>
  <datafield tag="035" ind1=" " ind2=" ">
   <subfield code="l">44880</subfield>
  </datafield>
  <datafield tag="040" ind1=" " ind2=" ">
   <subfield code="a">DLC</subfield>
   <subfield code="c">DLC</subfield>
   <subfield code="d">GR-PeUP</subfield>
  </datafield>
  <datafield tag="082" ind1="0" ind2="0">
   <subfield code="a">621.042 KRE</subfield>
  </datafield>
  <datafield tag="100" ind1="1" ind2=" ">
   <subfield code="a">Kreith, Frank.</subfield>
  </datafield>
  <datafield tag="245" ind1="1" ind2="0">
   <subfield code="a">Principles of sustainable energy /</subfield>
   <subfield code="c">Frank Kreith, Jan F. Kreider.</subfield>
  </datafield>
  <datafield tag="260" ind1=" " ind2=" ">
   <subfield code="a">Boca Raton, FL :</subfield>
   <subfield code="b">CRC Press,</subfield>
   <subfield code="c">2011.</subfield>
  </datafield>
  <datafield tag="300" ind1=" " ind2=" ">
   <subfield code="a">xxiii, 855 σ. :</subfield>
   <subfield code="b">εικ. , χαρτ. ;</subfield>
   <subfield code="c">25 εκ.</subfield>
  </datafield>
  <datafield tag="490" ind1="1" ind2=" ">
   <subfield code="a">Mechanical engineering series ;</subfield>
  </datafield>
  <datafield tag="504" ind1=" " ind2=" ">
   <subfield code="a">Περιέχει βιβλιογραφία και ευρετήριο.</subfield>
  </datafield>
  <datafield tag="505" ind1="0" ind2=" ">
   <subfield code="a">Introduction to sustainable energy -- Economics of energy generation and conservation systems -- Wind energy -- Capturing solar energy through biomass -- Fundamentals of solar radiation -- Photovoltaics -- Solar heating and cooling of buildings -- Solar process heat and thermal power -- Passive solar heating, cooling and daylighting -- Energy storage -- Ocean energy conversion -- Transportation.</subfield>
  </datafield>
  <datafield tag="650" ind1=" " ind2="4">
   <subfield code="a">Renewable energy sources.</subfield>
  </datafield>
  <datafield tag="700" ind1="1" ind2=" ">
   <subfield code="a">Kreider, Jan F.,</subfield>
   <subfield code="d">1942-</subfield>
  </datafield>
  <datafield tag="830" ind1=" " ind2=" ">
   <subfield code="a">Mechanical engineering ;</subfield>
   <subfield code="v">46</subfield>
  </datafield>
  <datafield tag="852" ind1=" " ind2=" ">
   <subfield code="a">INST</subfield>
   <subfield code="b">UNIPILB</subfield>
   <subfield code="c">MAIN</subfield>
   <subfield code="e">20120123</subfield>
   <subfield code="h">621.042 KRE</subfield>
   <subfield code="p">00164354</subfield>
   <subfield code="q">00164354</subfield>
   <subfield code="t">LOAN</subfield>
   <subfield code="y">0</subfield>
   <subfield code="4">1</subfield>
  </datafield>
  <datafield tag="856" ind1="4" ind2=" ">
   <subfield code="d">/webopac/covers/02/44880_9781439814079.jpg</subfield>
  </datafield>
 </record>
</collection>
